• 首页
  • 本馆介绍
  • 公告通知
  • 最新文献
  • 馆藏检索
  • 电子资源
  • 读者导购
  • 参考咨询
  • 我的图书馆
  • 登录
  • 详细信息显示
  • 放入我的书架
  • 预约/预借图书
  • 作者相关作品
  • 分类相关作品
  • 丛书相关作品
  • 出版社相关作品

书目信息

  • 表格格式
  • 工作单格式
  • 卡片格式
题名:
普惠金融的理性思考与实证研究
    
 
作者: 闵小文 著
分册:  
出版信息: 南昌   百花洲文艺出版社  2020
页数: 404页
开本: 24cm
丛书名:
单 册:
中图分类: F832.1 , F830.2
科图分类:
主题词: 金融体系--研究--中国
电子资源:
ISBN: 978-7-5500-3673-4
000 00890nam0 2200229 450
001 2470396837
005 20240907193335.21
010    @a978-7-5500-3673-4@dCNY96.00
100    @a20200608d2020 em y0chiy0120 ea
101 0  @achi
102    @aCN@b360000
105    @aa z 000yy
200 1  @a普惠金融的理性思考与实证研究@9pu hui jin rong de li xing si kao yu shi zheng yan jiu@b专著@f闵小文著
210    @a南昌@c百花洲文艺出版社@d2020
215    @a404页@c图@d24cm
330    @a本书是作者对近十年来普惠金融的理论探讨与工作实践进一步梳理和深化,从普惠金融的理论探讨与调研成果出发,主要通过对作者曾参与谋划和推动普惠金融发展的典型案例分析,揭示和矫正普惠金融发展过程中的问题和风险隐患,并提出化解方略。
606 0  @a金融体系@x研究@y中国
690    @aF832.1@v5
690    @aF830.2@v4
701  0 @a闵小文@9min xiao wen@4著
801  2 @aCN@b58marc.cn@c20200621
905    @aZUCC@dF830.2@e134
    
    普惠金融的理性思考与实证研究/闵小文著.-南昌:百花洲文艺出版社,2020
    404页:图;24cm
    
    
    ISBN 978-7-5500-3673-4:CNY96.00
    本书是作者对近十年来普惠金融的理论探讨与工作实践进一步梳理和深化,从普惠金融的理论探讨与调研成果出发,主要通过对作者曾参与谋划和推动普惠金融发展的典型案例分析,揭示和矫正普惠金融发展过程中的问题和风险隐患,并提出化解方略。
●
相关链接 在五车中查询图书 在当当中查询图书 在豆瓣中查询图书


正题名:普惠金融的理性思考与实证研究     索取号:F830.2/134         预约/预借

序号 登录号 条形码 馆藏地/架位号 状态 备注
1 2001762799   2001762799   第四书库/四26架B面6层6列/ [索取号:F830.2/134] 在馆    
2 2001762800   2001762800   第四书库/四26架B面6层6列/ [索取号:F830.2/134] 在馆    
3 2001762801   2001762801   第四书库/四26架B面6层6列/ [索取号:F830.2/134] 在馆    
4 2001762802   2001762802   第四书库/四26架B面6层6列/ [索取号:F830.2/134] 在馆    
5 2001762803   2001762803   第四书库/四26架B面6层6列/ [索取号:F830.2/134] 在馆    
6 2001762804   2001762804   第四书库/四26架B面6层6列/ [索取号:F830.2/134] 在馆    
山东省滨州职业学院图书馆 欢迎您!
大连网信软件有限公司© 版权所有